[Event "Espergarde PC"]
[Site "Espergarde"]
[Date "1992.??.??"]
[Round "2"]
[White "Hansen, Lars Bo"]
[Black "Sahl, Bjarke"]
[Result "1-0"]
[WhiteElo "2530"]
[BlackElo "2370"]
[Annotator "Hansen,LB"]
[PlyCount "101"]
[EventDate "1992.??.??"]
[EventType "tourn"]
[EventRounds "9"]
[EventCountry "DEN"]
[EventCategory "9"]
[SourceTitle "CBM 033"]
[Source "ChessBase"]
[SourceDate "1993.04.01"]
[SourceVersion "1"]
[SourceVersionDate "1993.04.01"]
[SourceQuality "1"]

1. d4 d5 2. c4 c6 3. Nc3 Nf6 4. e3 e6 5. Nf3 Nbd7 6. Bd3 dxc4 7. Bxc4 b5 8. Be2
Bb7 9. O-O b4 10. Na4 Be7 11. Qc2 O-O 12. Rd1 Rc8 $6 (12... c5 $1 13. Nxc5 Nxc5
14. dxc5 Qc7 15. a3 a5 $1 16. axb4 axb4 17. Rxa8 Rxa8 18. Bd2 Qxc5 {Hansen,
LB-Hector,J/Espergarde PC/1992/1/2-1/2/}) 13. a3 $1 a5 $1 (13... bxa3 $6 14.
Nc5 $1 $16) 14. axb4 Bxb4 15. Nc5 $1 $14 (15. Bd2 $6 c5 $1 16. dxc5 (16. Nxc5
Bxc5 17. dxc5 Rxc5 $10) 16... Be4 $1 {X Qc2}) 15... Nxc5 16. dxc5 Qe7 17. Bd2
Bxc5 (17... Qxc5 18. Qxc5 Bxc5 19. Bxa5 $14 {_|_}) 18. Bxa5 Bd6 19. e4 $1 Ng4
$1 (19... e5 $6 20. Nd2 $16) 20. Bc3 Bb8 $2 (20... Bc5 $1 21. Be1 (21. Bd4 Bxd4
22. Rxd4 c5 23. Rc4 f5 $1 {<=>}) 21... Bd6 22. h3 Ne5 23. Bc3 Nxf3+ 24. Bxf3
$14) 21. h3 Nf6 22. Bxf6 $1 gxf6 (22... Qxf6 23. Rd7 Rc7 $8 24. e5 $1 (24. Rxc7
Bxc7 25. Ra7 Rb8 26. Rxb7 Rxb7 27. Qxc6 Rb8 $8 28. Qxc7 Qxb2 $14) 24... Qg6 25.
Bd3 (25. Qxg6 $5 hxg6 26. Rxc7 Bxc7 27. Ra7 Rb8 28. Ba6 Bxa6 29. Rxc7 Rxb2 30.
Ng5 $1 $36) 25... Rxd7 $8 26. Bxg6 hxg6 $16) 23. Ba6 $16 {X Bb8;Kg8} Bxa6 24.
Rxa6 Rfd8 $1 25. Rxd8+ Qxd8 26. Ra3 $6 (26. Ra4 $1 $16) 26... c5 $6 (26... Bd6
$1 {/\ Be7+/=}) 27. Rc3 Qb6 28. Rc4 $1 Bd6 29. e5 $1 Bxe5 (29... fxe5 $2 30.
Rg4+ $40) 30. Rg4+ Kf8 $8 (30... Kh8 31. Rh4 $18) 31. Nxe5 fxe5 32. Qxh7 Ke7
33. Qh4+ Kd6 34. b4 $1 $18 {X Kd6;Freibauer} cxb4 35. Rxb4 Rc1+ 36. Kh2 Qc7 37.
Rb5 $1 Rc4 38. Qg3 Rc5 $6 (38... f6 39. Qa3+ Kd7 40. Qa8 e4+ 41. g3 $18) 39.
Qa3 Kd5 40. Rxc5+ Qxc5 41. Qxc5+ (41. Qf3+ e4 42. Qxf7 $18) 41... Kxc5 42. Kg3
f5 43. Kh4 $1 Kd4 44. Kg5 Kd3 45. h4 Ke2 46. h5 Kxf2 47. h6 e4 48. h7 e3 49.
h8=Q e2 50. Qd4+ Kxg2 51. Qe3 1-0

[Event "DEN-ch playoff"]
[Site "Tonder"]
[Date "1993.??.??"]
[Round "1"]
[White "Hansen, Lars Bo"]
[Black "Rasmussen, Karsten"]
[Result "1-0"]
[WhiteElo "2545"]
[BlackElo "2440"]
[Annotator "Hansen,LB"]
[PlyCount "121"]
[EventDate "1993.05.??"]
[EventType "match"]
[EventRounds "4"]
[EventCountry "DEN"]
[SourceTitle "CBM 036"]
[Source "ChessBase"]
[SourceDate "1993.10.01"]
[SourceVersion "1"]
[SourceVersionDate "1993.10.01"]
[SourceQuality "1"]

1. d4 d5 2. c4 c6 3. Nc3 Nf6 4. e3 e6 5. Nf3 Nbd7 6. Bd3 dxc4 7. Bxc4 b5 8. Bd3
Bb7 9. e4 b4 10. Na4 c5 11. e5 Nd5 12. O-O h6 $6 13. Nxc5 Bxc5 (13... Nxc5 14.
dxc5 Bxc5 15. Bb5+ Ke7 $13) 14. dxc5 Nxc5 15. Bb5+ Ke7 $1 (15... Kf8) 16. Qd4
Qb6 17. Bc4 Rhd8 18. Qg4 Kf8 19. Bxd5 $1 Rxd5 20. Be3 Qb5 21. a4 $1 (21. Nd4
Qd7) 21... Nxa4 $2 (21... bxa3 22. bxa3 Nd3 $1 {xe5}) 22. Nd4 Qd7 23. Nxe6+ $1
fxe6 $6 (23... Qxe6 24. Qxb4+ Qe7 $1 (24... Kg8 $2 25. Qxb7) 25. Qxe7+ Kxe7 26.
Rxa4 $16) 24. Qxb4+ Kg8 25. Qxa4 Qxa4 (25... Qf7 26. Qg4 $1) 26. Rxa4 Rxe5 (
26... a6 $5) 27. Rxa7 Rxa7 28. Bxa7 Re2 29. b4 Rb2 30. Bc5 Be4 31. Rd1 Bd5 (
31... Rb1 $5 32. Rxb1 Bxb1 33. b5 Be4 34. b6 $16) 32. h4 Kf7 33. Rd4 g5 $5 34.
h5 (34. hxg5 hxg5 35. Rg4 Rb1+ 36. Kh2 Kf6 37. Be3 Rb3 $1 $16) 34... Rc2 35.
Kh2 Kf6 36. Kg3 Ke5 37. Rd3 Kf5 38. f3 Rc4 39. Rd4 Rc3 40. Bf8 Rc8 41. Bd6 (41.
Bxh6 Rh8) 41... Rd8 42. Bc5 Rb8 43. Rd1 Bc6 $6 (43... Ra8 $1 44. b5 $2 Ra5 45.
Rb1 Bc6 $1) 44. Rd6 Be8 45. Kf2 $1 Kf6 (45... g4 $2 46. fxg4+ Kxg4 47. Rxe6
Kxh5 (47... Bxh5 48. Rxh6) 48. Kf3 $1 {/\ g4+}) 46. g4 Bb5 $6 47. Rb6 $1 Rxb6
48. Bxb6 Bc6 49. Bc5 Kf7 50. Bd4 Bd7 51. Kg3 Bb5 52. Ba1 Kg8 53. Bb2 Kh7 54. f4
$1 gxf4+ 55. Kxf4 Be2 56. Be5 Bb5 57. Kg3 Bd3 58. Kh4 Be2 59. Bb2 Bd3 60. Bc3
Be2 61. Be5 (61. Be5 Bd3 62. g5 Be2 63. Bf4 $1 hxg5+ 64. Kxg5) 1-0

[Event "Rubinstein Memorial"]
[Site "Polanica Zdroj"]
[Date "1993.??.??"]
[Round "7"]
[White "Hansen, Lars Bo"]
[Black "Ribli, Zoltan"]
[Result "1-0"]
[WhiteElo "2560"]
[BlackElo "2610"]
[Annotator "Hansen,LB"]
[PlyCount "125"]
[EventDate "1993.08.??"]
[EventType "tourn"]
[EventRounds "11"]
[EventCountry "POL"]
[EventCategory "13"]
[SourceTitle "CBM 037"]
[Source "ChessBase"]
[SourceDate "1993.12.01"]
[SourceVersion "1"]
[SourceVersionDate "1993.12.01"]
[SourceQuality "1"]

1. d4 {Chekhov} d5 2. c4 c6 3. Nc3 Nf6 4. e3 e6 5. Nf3 Nbd7 6. Bd3 dxc4 7. Bxc4
b5 8. Bd3 Bb7 9. e4 b4 10. Na4 c5 11. e5 Nd5 12. O-O (12. dxc5 {Chekhov} Qa5
13. O-O Bxc5 14. Nxc5 Nxc5 15. Bc2 Rd8 16. Nd4 Ne7 17. Be3 O-O 18. Qh5 Ng6 $132
{Pinter,J-Chernin,A Magyarorszag 1992 Inf 56/501/}) (12. Ng5 {Chekhov} cxd4 $1
13. Nxe6 Qe7 14. Nxf8 Qxe5+ 15. Be2 Kxf8 16. O-O Re8 17. Bc4 g5 $5 $132) 12...
cxd4 (12... h6 $5 13. Nxc5 (13. Qe2 $5 Bc6 14. Nxc5 Nxc5 15. dxc5 Bxc5 16. Bd2
Qb6 17. Rac1 Rc8 18. Bc4 $5 O-O $1 19. Ne1 Bd4 20. Nd3 a5 21. Qg4 Kh7 22. Qe4+
Kg8 23. Qg4 Kh7 $10 {Hansen,LB-Rasmussen,K/Ry/m-3/1993/}) (13. a3 {Chekhov} a6
14. Re1 Rc8 15. axb4 c4 16. Be4 Bxb4 17. Bd2 a5 18. Nc3 N7b6 19. Bc2 O-O 20.
Qe2 Ne7 $13 {Piket,J-Oll,L Manila 1992 Inf 55/441/}) 13... Bxc5 14. dxc5 Nxc5
15. Bb5+ Ke7 $5 16. Qd4 Qb6 17. Bc4 Rhd8 18. Qg4 Kf8 19. Bxd5 Rxd5 20. Be3 Qb5
21. a4 $1 Nxa4 $2 (21... bxa3 22. bxa3 Nd3 $13) 22. Nd4 Qd7 $8 23. Nxe6+ $1
fxe6 24. Qxb4+ Kg8 25. Qxa4 Qxa4 26. Rxa4 Rxe5 27. Rxa7 Rxa7 28. Bxa7 $14 {
Hansen,LB-Rasmussen,K/Ry/m-1/1993/}) 13. Re1 (13. Nxd4 {Chekhov} Nxe5 14. Bb5+
Nd7 15. Re1 Rc8 16. Qh5 g6 17. Qe2 (17. Qe5 Qf6 18. Qe4 Rc7 19. Qg4 Be7 20. Bh6
a6 21. Bxd7+ Kxd7 22. Rad1 Kc8 $1 $17 {Wells,P-Kaidanov,G Dublin 1991 Inf 51/
435/}) 17... a6 18. Bxa6 Bxa6 19. Qxa6 Bg7 $1 20. Bg5 Nc7 $8 21. Qa5 Ra8 22.
Bxd8 Rxa5 23. Bxc7 Rxa4 24. Red1 Nf6 25. Be5 O-O $15 {Sokolov,I-Chernin,A Wijk
aan Zee 1991 Inf 51/434/}) 13... g6 (13... a6 {Chekhov} 14. Nxd4 Qb8 15. Qh5 g6
16. Qh3 Nxe5 17. Be4 Qd6 18. a3 Bg7 19. axb4 Qxb4 20. Nc2 Qe7 21. b3 O-O 22.
Ba3 Qc7 23. Bxf8 Rxf8 $44 {Gurevich,M-Kramnik,V BRD 1993 Inf 57/435/}) (13...
Be7 {Chekhov} 14. Nxd4 Qa5 15. Bd2 Rd8 16. a3 N5b6 17. Bb5 Nxa4 18. Bxb4 $1 $16
{Kaidanov,G-Shabalov,A New York 1993/}) 14. Bg5 Qa5 15. Nd2 $5 (15. Nxd4 a6 16.
Rc1 Bg7 17. Nc6 Bxc6 18. Rxc6 O-O 19. Bc4 h6 20. Bxd5 Qxd5 21. Qxd5 exd5 22.
Bf6 Nxe5 $3 23. Bxe5 $8 Rae8 24. f4 f6 25. Nb6 fxe5 26. Nxd5 exf4 27. Rxe8 Rxe8
28. Rxg6 Kh7 29. Rxa6 Re2 30. Kf1 Rxb2 31. Nxf4 {1/2;Piket,J-Kramnik,V/
Amsterdam/1993/}) 15... Ba6 (15... Rc8 $5 {Chekhov} 16. Nc4 Rxc4 17. Bxc4 Bg7
$44 {Chekhov,V-Sveshnikov,E SSSR 1980/}) 16. Nc4 Bxc4 17. Bxc4 Bg7 18. Qxd4 $1
$8 Qxa4 19. Bxd5 exd5 20. Qxd5 Nb6 21. Qd6 (21. Qc5 $6 {Chekhov} Bf8 22. Qe3 {
Gligoric,S-Ljubojevic,L Jug 1976 Inf 22/633/} Qd7 $1 $17) 21... Qd7 $8 22. Qxb4
(22. Rad1 $6 Qxd6 23. exd6+ Kd7 $8 24. Re7+ Kc6 25. Rc7+ Kb5 26. Rxf7 Bxb2 27.
d7 Rhd8 28. Bxd8 Rxd8 29. Rxh7 a5 $1 $17) 22... Bf8 $1 (22... Nd5 $6 23. Qe4 h6
24. Bf6 O-O 25. Rad1 (25. Bxg7 $1 {Chekhov} Kxg7 26. Rad1 Rad8 27. Rd4 $1 $16)
25... Bxf6 $8 26. Rxd5 Qb7 27. exf6 Qxb2 $14 {Rashkovsky,N-Sveshnikov,E/Sochi/
1979/}) 23. Qc3 Qc8 $1 (23... Rc8 $2 {Chekhov} 24. e6 $18) (23... Qe6 {Chekhov}
24. Rad1 Be7 25. Rd6 $16) 24. Qf3 Bg7 (24... Qe6 25. Bf6 Rg8 26. Rad1 $44) 25.
e6 $5 $146 (25. Qa3 Bf8 26. Qf3 Bg7 $10 {ECO}) 25... O-O $8 (25... fxe6 {
Chekhov} 26. Rac1 Qd7 27. Rcd1 Qf7 $2 28. Qxa8+ $18) 26. Be7 fxe6 $1 (26...
Bxb2 $2 27. Bxf8 Qxf8 (27... Bxa1 28. Qxf7+ Kh8 29. e7 $18) 28. Rab1 Bd4 (28...
Ba3 29. exf7+ Kg7 $8 30. Re8 $1 Qxf7 31. Rxa8 Qxf3 32. Rxa7+ Qf7 33. Rxf7+ Kxf7
34. Rxb6 $18) 29. Rxb6 $1 axb6 30. e7 Bxf2+ $5 (30... Qe8 31. Qxa8 $1 $18) 31.
Kxf2 Rxa2+ 32. Kg1 Qe8 33. Qd5 $18) 27. Bxf8 Qxf8 28. Qb3 $1 Qf7 29. Rxe6 Bxb2
$1 30. Rd1 $1 (30. Rae1 Bd4 $1) 30... Rb8 $1 $10 (30... Bg7 $6 31. Rd3 $14) (
30... Rf8 {Chekhov} 31. Re7 Qxb3 32. axb3 Rf7 33. Rd8+ Kg7 34. Rxf7+ Kxf7 35.
Rb8 $16) 31. Re7 (31. Qe3 Bf6 $10) 31... Qxb3 32. axb3 a5 33. Ra7 Bc3 34. h4 $1
Bb4 35. h5 gxh5 (35... Re8 $5 {Chekhov}) 36. Rd3 h4 $4 (36... Kh8 $1 37. Rh3
Nc8 $1 38. Rd7 Ne7 39. Rxh5 Kg7 $10 {Ribli}) 37. Rd4 $1 $16 Re8 38. Rg4+ Kh8
39. Rgg7 Nc8 40. Rxh7+ Kg8 41. Rag7+ Kf8 42. Rf7+ Kg8 43. Rhg7+ Kh8 44. Rg4 Nd6
45. Rff4 Kh7 46. Rxh4+ Kg6 47. Rhg4+ Kh5 48. Rh4+ Kg6 49. Rhg4+ Kh5 50. Kh2 Bd2
51. Rh4+ Kg5 52. Rhg4+ Kh5 53. Rh4+ Kg5 54. Rfg4+ Kf5 55. Rd4 Bc3 $6 (55... Bb4
$142 $16) 56. Rd3 $1 $18 Be5+ (56... Bb4 57. Rxb4 axb4 58. Rxd6 $18) 57. g3 {
X a5} Nf7 58. Rd5 Rb8 59. Rxa5 Rxb3 60. f4 Rb2+ 61. Kh3 Kg6 62. Rg4+ (62. fxe5
$4 Ng5+ 63. Kg4 Rb4#) 62... Kh6 (62... Kh5 63. Rxe5+ Nxe5 64. Rg5+ $18) 63. Ra7
$1 1-0

[Event "Dortmund SuperGM 23rd"]
[Site "Dortmund"]
[Date "1995.07.21"]
[Round "7"]
[White "Bareev, Evgeny"]
[Black "Piket, Jeroen"]
[Result "1/2-1/2"]
[WhiteElo "2650"]
[BlackElo "2625"]
[Annotator "Hansen,LB"]
[PlyCount "85"]
[EventDate "1995.07.14"]
[EventType "tourn"]
[EventRounds "9"]
[EventCountry "GER"]
[EventCategory "17"]
[SourceTitle "CBM 048"]
[Source "ChessBase"]
[SourceDate "1995.10.01"]
[SourceVersion "1"]
[SourceVersionDate "1995.10.01"]
[SourceQuality "1"]

1. d4 {Von Gleich} d5 2. c4 c6 3. Nc3 Nf6 4. Nf3 e6 5. e3 Nbd7 6. Bd3 dxc4 7.
Bxc4 b5 8. Bd3 b4 {The Lundin-variation.} 9. Ne4 c5 10. O-O (10. Nxf6+ gxf6 11.
Be4 Rb8 12. O-O f5 13. Bc6 Qc7 14. d5 Bg7 15. e4 fxe4 16. Re1 exd5 17. Qxd5 O-O
18. Qxe4 Rb6 19. Ba4 Re6 20. Bf4 Rxe4 21. Bxc7 Rxe1+ 22. Rxe1 Bxb2 23. Bd6 Rd8
24. Bc7 Rf8 25. Bd6 {1/2-1/2/Ivanchuk,I-Oll,L/Biel izt/1993/}) (10. Qa4 Bb7 (
10... cxd4 11. Nxd4 Bb7 12. Nxf6+ gxf6 13. O-O Rg8 14. e4 f5 $13 {Fine,
R-Feigin,M/Kemeri/1937/}) 11. Nxf6+ (11. Ne5 $5 a6 12. Ng5 Qc7 13. Ngxf7 Bxg2
14. Rg1 Bc6 $1 15. Qxc6 Qxc6 16. Nxc6 Kxf7 17. f4 g6 18. Ne5+ Nxe5 19. fxe5 Nd5
20. Rf1+ Ke8 21. Bd2 $14 {Bagirov,V-Sveshnikov,E/Leningrad/1977/}) 11... gxf6
12. Bd2 Rg8 13. Ke2 Qc7 $13 {Aleksandrov,A-Akhundov,R/Ashkhabad/1990/}) 10...
Qb6 (10... Bb7 11. Nxf6+ gxf6 12. dxc5 Bxc5 13. e4 Qb6 14. a3 Ke7 15. axb4 Bxb4
16. Be3 Bc5 17. Bd2 Bb4 18. Be3 Bc5 19. Bd2 Bb4 20. Be3 {1/2-1/2/Djurhuus,
R-Sveshnikov,E/Gausdal/1992/}) 11. Nxf6+ gxf6 12. b3 $5 cxd4 (12... Bb7 {
Von Gleich} 13. Bb2 cxd4 14. Bxd4 Bc5 15. Rc1 Ke7 16. Bb2 Rac8 17. e4 $14) 13.
exd4 (13. Nxd4 Bg7 {/\ 0-0,f5=}) 13... Bb7 14. Re1 (14. Bf4 {Von Gleich} Bd6
15. Bg3 Bxg3 16. hxg3 Bd5 17. Qd2 Qb7 $13) 14... Bd6 $10 15. Be4 Bxe4 16. Rxe4
Qb7 $1 17. Nd2 $6 {>< Bc1} (17. d5 $2 Nb6 $17) (17. Re1 Nb6 $10 (17... Qd5 {
Von Gleich} 18. g3 O-O 19. Nh4 Kh8 20. Ng2 $14 {Idee, Ne3 nebst Bc1-b2 und
d4-d5}) (17... Nb6 18. Nd2 Rg8 (18... Rd8 19. Qh5 (19. Nc4 Be7 20. Ne3 Nd5 $13)
19... Qd5) 19. g3)) (17. Qe2 {Von Gleich} Qd5 18. Nd2 f5) 17... Nb6 {In the
Lundin-variation d5 is often the key square!} 18. Qf3 Be7 $1 (18... f5 $4 19.
Rxe6+ $18) 19. Qd3 Rg8 (19... Rd8 {Von Gleich} 20. Nc4 f5 21. Re2 Nxc4 (21...
Bf6 22. Qxf5 $1 $16) 22. bxc4 Bf6 23. Bb2 $14) 20. g3 f5 21. Re1 Rc8 {Stopt Nc4
} (21... h5 {Von Gleich} 22. Nc4 h4 23. Qxf5 $1 hxg3 (23... Nxc4 24. Qh7) 24.
Qb5+) 22. a3 $5 (22. Nc4 $6 Nxc4 23. bxc4 Qa6 $1 $17) (22. Bb2 Nd5 23. Rac1
Rxc1 24. Rxc1 Nf4 25. Qf1 $8 h5 $17) 22... Rc3 $1 23. Qb5+ Qd7 24. Qxd7+ Kxd7
25. axb4 {In dieser hochkomplizierten Stellung hatte Piket nur noch 2 min,
Barejew jedoch etwa 25 min. Völlig klar, daß sich das Blatt nun wendet....}
Rgc8 $1 $15 26. b5 $1 (26. Rxa7+ Ke8 27. Ba3 {Bareev, Short: Are you joking?
No, I am winning.} Rd3 28. Nc4 (28. Nf1 Rxb3 $15 {Minimum Ausgleich für
Schwarz, der die schwächlichen weißen Landwirte einsammelt.}) 28... Nxc4 29.
bxc4 Rxc4 $15) 26... R8c7 27. Kg2 Bf6 {Der einzige Zug. Bareev schüttelte
ungläubig den Kopf, daß Piket mit knapp einer Minute auf der Uhr, diesen Zug
finden konnte.} 28. Rd1 $6 {Nun waren sowohl 28.Nf3 als auch Ba3 eher geeignet,
den weißen Nachteil in Grenzen zu halten.} (28. Nf3 $142 Nd5 $5 (28... Rxb3 29.
Bf4 Rb7 30. Be5 $10) 29. Ba3 $1 Rxb3 30. Bc5 Rxb5 31. Bxa7 (31. Rxa7 $4 Rbxc5
$1 $19) 31... Rb2 $15) (28. Ba3 {Von Gleich}) 28... Nd5 (28... Rd3 {Von Gleich}
29. Ba3 Nd5 30. Nf3 Rxb3 31. Bc5 Rxb5 32. Bxa7 Rb2 33. Kg1 Rcc2 $17) 29. Ba3
Rc2 30. Nc4 (30. Nf1 $6 Nc3 {/\ Nb5;Ne4-/+}) 30... R7xc4 $5 (30... Nc3 $5) 31.
bxc4 Ne3+ 32. Kh3 $1 (32. Kf3 $2 Ng4 $1) 32... Nxd1 33. Rxd1 Rxc4 34. Bc5 Ra4
35. d5 $5 e5 36. Rd3 e4 37. Rb3 (37. Ra3 {Von Gleich} Rxa3 38. Bxa3 Be7 39.
Bxe7 (39. Bb2 Bc5 $1) 39... Kxe7 {Das hier entstandene Bauernendspiel war
Gegenstand einer lang anhaltigen Polemik zwischen Bareev auf der einen, Short
und Piket auf der anderen Seite, bei der der uneingeweihte nicht um den
Eindruck hinwegkam, daß hier nicht die allerbesten Freunde analysierten...Die
folgenden Züge wurden im 1minBlitztempo serviert, so daß eine Wiedergabe nicht
unbedingt sinnvoll erscheint.} 40. Kh4 Kd6 41. Kh5 Kxd5 42. Kh6 Kc5 43. Kxh7
Kxb5 44. h4 a5 45. h5 a4 46. h6 a3 47. Kg8 a2 48. h7 a1=Q 49. h8=Q {Das
nunmehr neu entstandene Bauernendspiel ist wie das Damenendspiel objektiv klar,
was die Streithähne jedoch nicht davon abhielt, weiter aufeinander einzuhacken.
}) 37... Bd4 38. Bxd4 Rxd4 39. Ra3 $10 Rxd5 40. Rxa7+ Ke6 41. b6 Rb5 42. b7 Rb2
43. Ra6+ 1/2-1/2

[Event "Antwerp"]
[Site "Antwerp"]
[Date "1993.??.??"]
[Round "2"]
[White "Polugaevsky, Lev"]
[Black "Gurevich, Mikhail"]
[Result "1/2-1/2"]
[WhiteElo "2605"]
[BlackElo "2605"]
[Annotator "Hansen,LB"]
[PlyCount "71"]
[EventDate "1993.08.??"]
[EventType "tourn"]
[EventRounds "9"]
[EventCountry "BEL"]
[EventCategory "13"]
[SourceTitle "CBM 037"]
[Source "ChessBase"]
[SourceDate "1993.12.01"]
[SourceVersion "1"]
[SourceVersionDate "1993.12.01"]
[SourceQuality "1"]

1. d4 d5 2. c4 c6 3. Nf3 Nf6 4. Nc3 e6 5. e3 Nbd7 6. Bd3 dxc4 7. Bxc4 b5 8. Be2
b4 9. Na4 Be7 10. O-O Bb7 11. a3 (11. Qc2 O-O 12. Rd1 c5 $1 (12... Rc8 $6 13.
a3 a5 14. axb4 Bxb4 15. Nc5 $1 Nxc5 16. dxc5 Qe7 17. Bd2 Bxc5 18. Bxa5 $14 {
Hansen,LB-Kristensen,B/Espergærde/1992/}) 13. Nxc5 Nxc5 14. dxc5 Qc7 15. a3 $1
a5 $1 (15... Qxc5 $6 16. Qxc5 Bxc5 17. axb4 Bxb4 18. Bd2 a5 19. Ne5 h5 $6 20.
Bxb4 axb4 21. Rxa8 Rxa8 22. f3 $16 {X b4;Polugaevsky,L-Speelman,J/Roquebrune/
1992/}) 16. axb4 axb4 17. Rxa8 Rxa8 18. Bd2 Qxc5 {1/2;Hansen,LB-Hector,J/
Espergærde/1992/}) (11. b3) 11... a5 $1 (11... bxa3 $6 12. b3 $1 c5 $6 (12...
O-O 13. Bxa3 $14) 13. dxc5 Nxc5 14. Bb5+ Ncd7 $8 15. Ne5 $16 {Oll,L-Wolff,P/
Wijk aan Zee/1993/}) 12. Qc2 (12. Bd2 $14 {Oll}) 12... O-O 13. Rd1 c5 $1 14.
Nxc5 Nxc5 15. dxc5 Qc7 16. axb4 axb4 17. Rxa8 Rxa8 18. Bd2 Be4 $5 19. Qc4 Qxc5
20. Qxc5 Bxc5 $10 {Black`s potentially weak b-pawn is compensated by his more
active pieces.} 21. Rc1 Bf8 22. Bc4 Rd8 23. Be1 Rc8 24. b3 Nd7 $1 25. Nd2 Bb7
26. Ra1 Ne5 27. f3 Nxc4 28. Nxc4 (28. bxc4 $6 Ra8 $17 {^^}) 28... f6 (28... Bd5
$2 29. Nb6) 29. Kf1 $1 e5 30. e4 Bc6 31. Ra5 $1 Be8 $1 32. Ke2 Bf7 33. Kd3 Rd8+
34. Kc2 Rc8 35. Kd3 Rd8+ 36. Kc2 1/2-1/2

[Event "Biel"]
[Site "Biel"]
[Date "1995.??.??"]
[Round "9"]
[White "Adianto, Utut"]
[Black "Dreev, Alexey"]
[Result "1/2-1/2"]
[WhiteElo "2590"]
[BlackElo "2670"]
[Annotator "Hansen,LB"]
[PlyCount "124"]
[EventDate "1995.07.??"]
[EventType "tourn"]
[EventRounds "13"]
[EventCountry "SUI"]
[EventCategory "15"]
[SourceTitle "CBM 049"]
[Source "ChessBase"]
[SourceDate "1995.12.01"]
[SourceVersion "1"]
[SourceVersionDate "1995.12.01"]
[SourceQuality "1"]

1. d4 d5 2. c4 c6 3. Nf3 Nf6 4. Nc3 e6 5. e3 Nbd7 6. Bd3 dxc4 7. Bxc4 b5 8. Bd3
Bb7 9. a3 b4 10. Ne4 c5 $5 11. Nxc5 (11. Nxf6+ gxf6 $13) 11... Nxc5 12. dxc5
Bxc5 13. Qa4+ Ke7 14. axb4 Qxd3 15. bxc5 Rhc8 16. Bd2 (16. Qd4 Qb5 $13) 16...
a5 $1 {/\ Ba6 >< /^ f1-a6} 17. Rd1 Ba6 18. Nd4 Rd8 $1 {/\ Rd4-+} 19. Bb4 $1 $8
Qc4 20. b3 $1 Qxb4+ 21. Qxb4 axb4 22. Nc6+ Ke8 23. Nxd8 Rxd8 $15 24. Rd4 $1 $8
(24. Rxd8+ $2 Kxd8 $17 {>< c5}) 24... Nd5 25. e4 Nf4 26. Rxd8+ Kxd8 27. Kd2 Nd3
$1 28. Ke3 Kc7 29. Rd1 $1 Ne5 $5 (29... Nxc5 30. Rd4 Nxb3 31. Rxb4 $10) 30. f4
Nc6 31. Ra1 Bb7 32. Kd3 e5 33. g3 Bc8 34. f5 (34. Kc4 $5 Be6+ 35. Kb5 Bxb3 36.
Ra6 $13) 34... Nd4 35. Kc4 Bb7 36. Ra2 $1 Bxe4 37. Kxb4 Nc6+ 38. Kc3 Bxf5 39.
b4 $132 Be6 40. Rb2 Nd4 41. b5 Bd7 42. b6+ (42. c6 $6 Nxc6 $5 43. bxc6 Bxc6 $15
) 42... Kb8 43. g4 $5 h6 (43... Bxg4 44. Rg2 $132) 44. h3 Kb7 45. Ra2 Nc6 46.
Rd2 Be6 47. Rd1 g6 48. Re1 Bd5 49. Ra1 Be6 50. Re1 h5 $5 51. gxh5 gxh5 52. Rg1
$1 $132 (52. h4 $6 $15 {>< Re1}) 52... Bxh3 53. Rg7 Be6 54. Rh7 Nb8 55. Rxh5
Nd7 56. Kb4 Kc6 57. Rh1 $1 e4 58. Ra1 $1 Ne5 59. Kc3 e3 60. Ra7 $10 e2 61. Rc7+
Kb5 62. Kd2 Nc4+ (62... Nc4+ 63. Kxe2 Nxb6 64. cxb6 Kxb6 $10) (62... Bc4 $2 63.
b7 Nf3+ 64. Kc2 $1 e1=Q 65. b8=Q+ $18) 1/2-1/2

[Event "Interzonal-16"]
[Site "Biel"]
[Date "1993.??.??"]
[Round "6"]
[White "Granda Zuniga, Julio E"]
[Black "Sveshnikov, Evgeny"]
[Result "1-0"]
[WhiteElo "2605"]
[BlackElo "2570"]
[Annotator "Hansen,LB"]
[PlyCount "101"]
[EventDate "1993.07.16"]
[EventType "swiss"]
[EventRounds "13"]
[EventCountry "SUI"]
[SourceTitle "CBM 037"]
[Source "ChessBase"]
[SourceDate "1993.12.01"]
[SourceVersion "1"]
[SourceVersionDate "1993.12.01"]
[SourceQuality "1"]

1. d4 d5 2. c4 e6 3. Nc3 c6 4. e3 Nd7 5. Nf3 Ngf6 6. Bd3 dxc4 7. Bxc4 b5 8. Bd3
b4 {Lundin} 9. Na4 (9. Ne4) 9... c5 10. dxc5 (10. e4 cxd4 11. Bb5 $5 Qa5 12.
Bc6 Rb8 13. O-O e5 14. Bf4 $1 Bd6 $1 15. Bg3 $13 {Wells,P-Conquest,S/London
WFW/1991/}) (10. O-O cxd4 11. exd4 (11. Nxd4 Bb7 12. Bd2 Bd6 13. Qe2 a6 {
1/2;Hort,V-Ciric,D/Athens/1968/}) 11... Bd6 12. Be3 Bb7 13. Nc5 Bd5 $10 {
Capablanca,JR-Lundin,E/Margate/1936/}) 10... Nxc5 11. Nxc5 Bxc5 12. O-O Bb7 (
12... O-O 13. e4 Bb7 14. Qe2 h6 15. Bf4 Qe7 16. Rac1 Rac8 17. e5 Nd7 $14 {
Reshevsky,S-Mecking,H/Buenos Aires/1970/}) 13. Qe2 Qb6 (13... O-O 14. e4 h6)
14. e4 h6 (14... Rd8 15. Ne5 O-O 16. Bf4 Bd4 $14 {Bisguier,A-Pomar,A/Malaga/
1971/}) 15. Nd2 $1 $14 O-O-O $6 16. Nb3 Kb8 17. Nxc5 Qxc5 18. Be3 Qa5 19. f3
$16 {^^;X b4;Kb8} Nd7 20. Qe1 $1 {/\a3;Qg3} Ne5 21. Be2 Nc6 22. Qg3+ e5 23.
Qxg7 Nd4 24. Bxd4 exd4 25. Bd3 h5 26. Qg3+ Ka8 27. Rfc1 h4 28. Qf4 (28. Qc7 $6
Qg5 $132) 28... h3 29. g4 f6 30. Kf2 Rc8 31. Kg3 $5 (31. Rxc8+ Rxc8 32. Rc1
Qxa2 33. Rxc8+ Bxc8 34. Qc1 $1 $16 {/\Kg3}) 31... Rcg8 32. Rc7 b3 $5 33. Bc4
Rd8 $1 (33... bxa2 $2 34. Rxb7 $1 Kxb7 35. Bd5+ $18) 34. Bxb3 d3 35. Rd1 Qb6
36. Rf7 Rd6 37. Qf5 $1 Qe3 38. Qf4 (38. Rh7 $1 Rxh7 39. Qxh7 a6 40. Qh8+ $1 Ka7
41. Qxh3 $1 Bxe4 42. Qf1 $18 {/\Qf2}) 38... Qd4 $6 (38... Qb6 39. Qf5 Qe3 40.
Rh7 $1 $18) 39. Bd5 $1 $18 Rxd5 $8 40. exd5 Qxb2 41. Rd2 Qb6 (41... Qc1 42. Qe3
$18) 42. Qxf6 $1 Qg1+ 43. Kf4 Re8 44. Re7 Rc8 45. Qe5 $1 Qb6 46. Rxd3 Rf8+ 47.
Kg3 Qg1+ 48. Kh4 Qf2+ 49. Kh5 Bc8 50. Qc3 Bxg4+ 51. fxg4 1-0